| 000 | 00826nam a22002297a 4500 | ||
|---|---|---|---|
| 999 |
_c64058 _d64058 |
||
| 005 | 20240530110712.0 | ||
| 008 | 180121s2015 ua a f b 000 0dara d | ||
| 017 |
_a25812 _bمصر. دار الكتب |
||
| 020 | _a9789773144579 | ||
| 040 |
_aEG-CaGPL _cEG-CaGPL |
||
| 082 | 0 | 4 |
_221 _a412.4\ _bأ أ |
| 100 | 0 | _aاحمد عارف حجازى | |
| 245 | 1 | 0 |
_aالفاظ الوقت المبهم عند العرب : _bدراسة لغوية تاريخية / _cاحمد عارف حجازى . |
| 250 | _aط.1 | ||
| 260 |
_aالقاهرة : _bمكتبة زهراء الشرق ، _c2015 . |
||
| 300 |
_a160 ص. ؛ _c24 سم. |
||
| 650 | 0 | 7 |
_2qrmak _aاللغة العربية |
| 650 | 0 | 7 |
_2qrmak _aاللغة العربية _xالفاظ |
| 651 | _2qrmak | ||
| 942 |
_2ddc _cBK |
||